Keynes's way to wealth : (Record no. 90137)
[ view plain ]
| 000 -LEADER | |
|---|---|
| fixed length control field | 02133nam a22002657a 4500 |
| 005 - DATE AND TIME OF LATEST TRANSACTION | |
| control field | 20141125113625.0 |
| 010 ## - LCCN (DPL NO) | |
| LC control number | ENG-111281 |
| 020 ## - INTERNATIONAL STANDARD BOOK NUMBER | |
| International Standard Book Number | 9789332901766 |
| Terms of availability | 2048.00 |
| 020 ## - INTERNATIONAL STANDARD BOOK NUMBER | |
| International Standard Book Number | 9332901767 |
| Terms of availability | 2048.00 |
| 035 ## - SYSTEM CONTROL NUMBER | |
| System control number | EN-94813 |
| 037 ## - SOURCE OF ACQUISITION | |
| Source of stock number/acquisition | DBAD/PUB |
| 082 ## - DEWEY DECIMAL CLASSIFICATION NUMBER | |
| Classification number | 332.6 |
| 100 ## - MAIN ENTRY--PERSONAL NAME | |
| Personal name | Wasik, John F. |
| 245 ## - TITLE STATEMENT | |
| Title | Keynes's way to wealth : |
| Statement of responsibility, etc | by John F. Wasik |
| Remainder of title | timeless investment lessons from the great economist / |
| 260 ## - PUBLICATION, DISTRIBUTION, ETC. (IMPRINT) | |
| Place of publication, distribution, etc | New Delhi |
| Name of publisher, distributor, etc | McGraw Hill Education |
| Date of publication, distribution, etc | 2014 |
| 270 ## - ADDRESS | |
| Address | P-24, Green Park Extention |
| City | New Delhi |
| Postal code | 110016 |
| 300 ## - PHYSICAL DESCRIPTION | |
| Extent | xxxv,195p. |
| Dimensions | 23cm(pbk) |
| 500 ## - GENERAL NOTE | |
| General note | Includes bibliographical references and index |
| 520 ## - SUMMARY, ETC. | |
| Summary, etc | "How John Maynard Keynes became one of the greatest stock investors of all time--and how you can replicate his successKeynes was not only one of the most influential economists of the 20th Century but also a savvy investor who financially advised Winston Churchill and FDR.Keynes’s Way to Wealth presents the legendary economist’s most powerful investment principles and strategies, including buying quality stocks and holding them, trading commodities, ignoring short-term news, building portfolios with opposed risks, the upside to being a contrarian, and the power of dividends.Including original research from the Keynes Archive at King’s College, the book dissects what Keynes owned, how he bought and sold, and how his theories guided his decisions throughout his life. Ultimately, this is a guide to the portfolio management style of the most successful investors in the world, such as Benjamin Graham, Warren Buffett, and Charles Munger--all of whom have adopted similar methods as Keynes.John Wasik has covered investor protection issues for more than a quarter century and won 18 awards for his work, most of it for investigations conducted during his 15-year tenure as a special projects editor at Consumers Digest magazine. "-- |c Provided by publisher. |
| 600 ## - SUBJECT ADDED ENTRY--PERSONAL NAME | |
| Personal name | Keynes, John Maynard, |
| Dates associated with a name | 1883-1946. |
| 650 ## - SUBJECT ADDED ENTRY--TOPICAL TERM | |
| Topical term or geographic name as entry element | Portfolio management. |
| 650 ## - SUBJECT ADDED ENTRY--TOPICAL TERM | |
| Topical term or geographic name as entry element | Investment analysis. |
| 650 ## - SUBJECT ADDED ENTRY--TOPICAL TERM | |
| Topical term or geographic name as entry element | Investment analysis. |
| 942 ## - ADDED ENTRY ELEMENTS (KOHA) | |
| Source of classification or shelving scheme | Dewey Decimal Classification |
| Item type | English Books |
| Call number suffix | WAS |
| Classification part | 332.6 |
| Withdrawn status | Lost status | Not for loan | Collection code | Home library | Current library | Date acquired | Source of acquisition | Cost, normal purchase price | Full call number | Barcode | Copy number | Cost, replacement price | Koha item type |
|---|---|---|---|---|---|---|---|---|---|---|---|---|---|
| Not For Loan | Non-fiction | D.B.Act.Division | D.B.Act.Division | 18/11/2014 | DBAD/PUB | 2048.00 | 332.6 WAS | EN-94813 | 1 | 2048.00 | English Books |
